Loga polskich klubów (Ekstraklasa, 1 Liga, 2 Liga, 3 Liga) - Statystyki

Ogólne statystyki
  • Ten quiz został rozwiązany 2 016 razy
    1 365 od ostatniego zresetowania
  • Średni wynik to 57 z 114
Statystyki odpowiedzi
Obrazkowy Odpowiedź % Poprawnych
ŁKS Łódź
99%
Widzew Łódź
99%
Wisła Płock
98%
GKS Katowice
91%
GKS Tychy
88%
Odra Opole
87%
Lech Poznań
83%
Legia Warszawa
83%
Stal Mielec
82%
Jagiellonia Białystok
81%
Lechia Gdańsk
81%
Miedź Legnica
81%
Motor Lublin
81%
Pogoń Szczecin
81%
Puszcza Niepołomice
81%
Stal Rzeszów
81%
Górnik Zabrze
79%
Korona Kielce
79%
Zagłębie Lubin
79%
Znicz Pruszków
79%
Arka Gdynia
78%
Cracovia
78%
Piast Gliwice
78%
Radomiak Radom
78%
Raków Częstochowa
78%
Ruch Chorzów
78%
Śląsk Wrocław
78%
Warta Poznań
78%
Wisła Kraków
78%
Polonia Bytom
77%
Polonia Warszawa
77%
Elana Toruń
76%
Zagłębie Sosnowiec
76%
Górnik Łęczna
75%
Podbeskidzie Bielsko-Biała
74%
Pogoń Siedlce
74%
Wieczysta Kraków
74%
Zawisza Bydgoszcz
74%
Kotwica Kołobrzeg
73%
Sandecja Nowy Sącz
73%
Bruk-Bet Termalica Nieciecza
71%
Avia Świdnik
70%
GKS Bełchatów
70%
Resovia Rzeszów
69%
Chrobry Głogów
68%
GKS Jastrzębie
67%
Chojniczanka Chojnice
65%
Stomil Olsztyn
65%
Hutnik Kraków
60%
Olimpia Elbląg
60%
Siarka Tarnobrzeg
60%
Skra Częstochowa
59%
Stal Stalowa Wola
59%
Olimpia Grudziądz
56%
Wigry Suwałki
56%
Pogoń Grodzisk Mazowiecki
55%
KSZO Ostrowiec Świętokrzyski
54%
KKS Kalisz
53%
Rekord Bielsko-Biała
53%
Wisła Puławy
49%
Świt Szczecin
45%
LKS Goczałkowice-Zdrój
43%
Gryf Słupsk
42%
Pelikan Łowicz
40%
Flota Świnoujście
39%
ŁKS Łomża
39%
Górnik Polkowice
38%
Lechia Zielona Góra
37%
Podhale Nowy Targ
37%
Wisłoka Dębica
36%
Lechia Tomaszów Mazowiecki
34%
MKS Kluczbork
34%
Broń Radom
33%
Unia Tarnów
31%
Polonia Środa Wielkopolska
30%
Unia Skierniewice
30%
Warta Gorzów Wielkopolski
30%
Ślęza Wrocław
29%
Gedania Gdańsk
28%
Sokół Kleczew
28%
Star Starachowice
27%
Świt Nowy Dwór Mazowiecki
27%
Chełmianka Chełm
26%
Karkonosze Jelenia Góra
26%
Stilon Gorzów Wielkopolski
25%
Błękitni Stargard
23%
GKS Wikielec
23%
Świdniczanka Świdnik
23%
Carina Gubin
21%
Czarni Połaniec
21%
Mławianka Mława
21%
Warta Sieradz
21%
Kotwica Kórnik
20%
Cartusia Kartuzy
18%
Polonia Lidzbark Warmiński
17%
Sokół Aleksandrów Łódzki
17%
Wiślanie Skawina
17%
Stal Brzeg
16%
Unia Swarzędz
16%
Pniówek Pawłowice
15%
Victoria Sulejówek
14%
Vineta Wolin
14%
Wybrzeże Rewalskie Rewal
13%
Podlasie Biała Podlaska
12%
Podlesianka Katowice
12%
KS Wiązownica
11%
Lewart Lubartów
11%
Pogoń-Sokół Lubaczów
11%
Wda Świecie
11%
Polonia Słubice
10%
Unia Turza Śląska
10%
Noteć Czarnków
9%
Pogoń Nowe Skalmierzyce
9%
Odra Bytom Odrzański
8%
Nie znaleziono quizów pasujących do podanych kryteriów
Rozkład punktacji
Procent ludzi z każdym wynikiem
Percentyl według liczby udzielonych odpowiedzi
Twoja historia wyników
Nie rozwiązałeś tego quizu od ostatniego zresetowania